Statistics for Dakota Johnson Filmography

Click here to take the quiz!

General Stats

  • This quiz has been taken 26 times
    (2 since last reset)
  • The average score is 7 of 42

Answer Stats

TypeYearName% Correct
Film2017Fifty Shades Darker
100%
Film2018Fifty Shades Freed
100%
Film2015Fifty Shades of Grey
100%
Film2024Madame Web
100%
Film2010The Social Network
100%
Film2023Daddio
50%
Film2016How to Be Single
50%
Film2022Persuasion
50%
TV Show2013The Office
50%
Film201221 Jump Street
0%
Film2015A Bigger Splash
0%
Short Film2010All That Glitters
0%
Film2022Am I OK?
0%
Film2018Bad Times at the El Royale
0%
Film2011Beastly
0%
TV Show2012-2013Ben and Kate
0%
Film2015Black Mass
0%
Film2022Cha Cha Real Smooth
0%
Film2015Chloe and Theo
0%
Short Film2014Closed Set
0%
Film1999Crazy in Alabama
0%
Film2019Crowd
0%
Director2020Cry Cry Cry
0%
Film2014Cymbeline
0%
Film2014Date and Switch
0%
Music Video2015Earned It
0%
Film2012For Ellen
0%
Film2012Goats
0%
Commercial2017Gucci Bloom
0%
Short Film2015In a Relationship
0%
Film2014Need for Speed
0%
Film2019Our Friend
0%
TV Show2015, 2024Saturday Night Live
0%
Film2018Suspiria
0%
Documentary2023The Disappearance of Shere Hite
0%
Film2012The Five-Year Engagement
0%
Film2020The High Note
0%
Film2021The Lost Daughter
0%
Film2020The Nowhere Inn
0%
Film2019The Peanut Butter Falcon
0%
Short Film2012Transit
0%
Short Film2015Vale
0%

Score Distribution

Percentile by Number Answered

Percent of People with Each Score

Your Score History

You have not taken this quiz since the last reset